Do we need the building regulations? (Record no. 79351)

MARC details
000 -LEADER
fixed length control field 01275cab a22002535a 4500
001 - CONTROL NUMBER
control field L140810
008 - FIXED-LENGTH DATA ELEMENTS--GENERAL INFORMATION
fixed length control field 071012s2007 xxk f 000 0 eng d
035 ## - SYSTEM CONTROL NUMBER
System control number (Sirsi) u140810
041 0# - LANGUAGE CODE
Language code of text/sound track or separate title eng
100 1# - MAIN ENTRY--PERSONAL NAME
Personal name Pemble, Stuart
245 00 - TITLE STATEMENT
Title Do we need the building regulations?
Medium [electronic resource]
260 ## - PUBLICATION, DISTRIBUTION, ETC.
Date of publication, distribution, etc. 2007
490 ## - SERIES STATEMENT
Series statement Building Engineer
Volume/sequential designation 82(10)October 2007, 36-37(2)
520 ## - SUMMARY, ETC.
Summary, etc. Reviews the purpose of, and need for, building regulations. Covers penalties for non-compliance and argues that in many cases even a successful prosecution does not result in major sanctions against offenders. Highlights the common problem of confusion with the regulatory framework. Suggests that self-regulation by end-users of buildings may have implications for the whole regulatory system. Concludes that laws should be kept as sparse as possible, that regulations may not be having their intended effect, and that the system is in any case capable of self regulating.
590 ## - LOCAL NOTE (RLIN)
Local note KA
650 24 - SUBJECT ADDED ENTRY--TOPICAL TERM
Topical term or geographic name entry element PUBLIC HEALTH ACT 1875
650 24 - SUBJECT ADDED ENTRY--TOPICAL TERM
Topical term or geographic name entry element BUILDING ACT 1984
650 24 - SUBJECT ADDED ENTRY--TOPICAL TERM
Topical term or geographic name entry element MURPHY V BRENTWOOD DC
650 24 - SUBJECT ADDED ENTRY--TOPICAL TERM
Topical term or geographic name entry element REGULATORY REFORM (FIRE SAFETY) ORDER 2005
651 #4 - SUBJECT ADDED ENTRY--GEOGRAPHIC NAME
Geographic name United Kingdom
Chronological subdivision
690 ## - LOCAL SUBJECT ADDED ENTRY--TOPICAL TERM (OCLC, RLIN)
Topical term or geographic name as entry element Building regulations
9 (RLIN) 6224
700 1# - ADDED ENTRY--PERSONAL NAME
Personal name Martin, David
942 ## - ADDED ENTRY ELEMENTS (KOHA)
Suppress in OPAC 0
Holdings
Withdrawn status Lost status Source of classification or shelving scheme Damaged status Not for loan Home library Current library Shelving location Date acquired Total Checkouts Full call number Barcode Date last seen Copy number Price effective from Koha item type
    Dewey Decimal Classification     London London Journal article 12/10/2007   L140810 140810-1001 06/08/2019 1 06/08/2019 Journal article